000 00487nam a2200169 a 4500
001 000034434
005 20200930073710.0
008 111004s2008 ht 000 0 fre d
020 _a9789993599289
040 _aDO-SdBNP
_bspa
_cBNPHU
082 _axxxx
_bT182, 2008
100 1 _aTardieu, Gérard-Marie
_959862
245 1 0 _aL´as de la conjugaison /
_cGérard-Marie Tardieu.
250 _a9a ed.
260 _aHaiti, :
_bKopivit-L´Action Sociale,
_c2008.
300 _a138 p. ;
_c21 cm.
999 _c33925
_d33925